000 00929nam a2200229 i 4500
001 41660
003 ES-MaACL
005 20250902063053.0
007 t|
008 030311s1937 cu ||||1| spa d
100 1 _aCastellanos G., Gerardo,
_d1879-1956
_936523
245 1 0 _aRaíces del 10 de octubre de 1868
_b: Aguilera y Céspedes /
_cdiscurso leído por Gerardo Castellanos G. en la sesión celebrada el 10 de octubre de 1937.
260 _aLa Habana :
_bA. Muñiz Hermanos,
_c1937.
300 _a152 p., 2 h., 2 h. de lám. ;
_c23 cm.
500 _aPrecede al tít.: Academia de la Historia de Cuba.
600 1 4 _aAguilera, Francisco Vicente.
_9158594
600 0 4 _aCéspedes, Carlos Manuel de (
_d1819-1874)
_937686
651 4 _aCuba-
_xHistoria-
_y1868-1878, Guerra de los Diez Años.
_98103
710 2 _aAcademia de la Historia de Cuba.
_91183
852 _aES-MaACL
_j1821-F-25
999 _c41660
_d41660